| 000 | 01146 a2200217 4500 | ||
|---|---|---|---|
| 003 | Nust | ||
| 005 | 20221130102219.0 | ||
| 010 | _a 96035109 | ||
| 020 | _a0134956567 | ||
| 040 | _cNust | ||
| 082 | 0 | 0 | _a621.38152,BHA |
| 100 | 1 |
_aBhattacharya, Pallab. _973903 |
|
| 245 | 1 | 0 |
_aSemiconductor optoelectronic devices / _cPallab Bhattacharya. |
| 250 | _a2nd ed. | ||
| 260 |
_aUpper Saddle River, NJ : _bPrentice Hall, _cc1997. |
||
| 300 |
_axxv, 613 p. : _bill. ; _c24 cm. |
||
| 505 | _aElemental and Compound Semiconductors (Page-1), Electronic Properties of Semiconductors (Page-61), Optical Processes in Semiconductors (Page-113), Junction Theory (Page-158), Light Emitting Diodes (Page-206), Lasers: Operating Principles (Page-242), Lasers: Structures and Properties (Page-272), Photodetectors (Page-344), Special Detection Schemes (Page-400), Solar Cells (Page-430), Optoelectronic Modulation and Switching Devices (Page-448), Optoelectronic Integrated Circuits (Page-483), Lightwave Networks (Page-522), List of Symbols (Page-541). | ||
| 650 | 0 |
_aSemiconductors. _911016 |
|
| 650 | 0 | _aTelecommunication Engineering | |
| 942 |
_2ddc _cBK |
||
| 999 |
_c178677 _d178677 |
||